[Event "XLIV Memoriał Szachowy Ludwika Zamenhofa 2025, Grupa A"]
[Site "Białystok, Poland"]
[Date "2025.12.27"]
[Round "1.19"]
[White "Backiel, Hubert"]
[Black "Ejsymont, Blanka"]
[Result "1/2-1/2"]
[TimeControl "90'+30\""]
[WhiteElo "2258"]
[BlackElo "2049"]

1. c4 {[%clk 01:30:55]} {[%emt 00:00:04]} e6 {[%clk 01:30:40]} {[%emt
00:00:22]} 2. Nc3 {[%clk 01:31:19]} {[%emt 00:00:06]} Nf6 {[%clk 01:30:41]}
{[%emt 00:00:29]} 3. e4 {[%clk 01:31:41]} {[%emt 00:00:08]} d5 {[%clk
01:31:06]} {[%emt 00:00:05]} 4. cxd5 {[%clk 01:31:08]} {[%emt 00:01:03]} exd5
{[%clk 01:31:15]} {[%emt 00:00:22]} 5. e5 {[%clk 01:31:19]} {[%emt 00:00:18]}
d4 {[%clk 01:30:45]} {[%emt 00:01:00]} 6. exf6 {[%clk 01:28:20]} {[%emt
00:03:28]} dxc3 {[%clk 01:31:03]} {[%emt 00:00:13]} 7. Bb5+ {[%clk 01:15:51]}
{[%emt 00:12:58]} Nc6 {[%emt 00:02:06]} 8. Qe2+ {[%clk 01:08:15]} {[%emt
00:08:02]} Be6 {[%clk 01:29:40]} {[%emt 00:00:23]} 9. dxc3 {[%clk 01:08:28]}
{[%emt 00:00:16]} Qxf6 {[%clk 01:26:45]} {[%emt 00:03:24]} 10. Nf3 {[%clk
01:08:50]} {[%emt 00:00:08]} Bd6 {[%clk 01:18:22]} {[%emt 00:08:54]} 11. Nd4
{[%clk 00:58:31]} {[%emt 00:10:48]} O-O {[%clk 01:12:05]} {[%emt 00:06:48]} 12.
Nxc6 {[%clk 00:56:11]} {[%emt 00:02:50]} Rfe8 {[%clk 00:57:17]} {[%emt
00:15:18]} 13. Be3 {[%clk 00:49:24]} {[%emt 00:07:15]} a6 {[%clk 00:50:30]}
{[%emt 00:07:19]} 14. Ba4 {[%clk 00:49:31]} {[%emt 00:00:21]} Bd7 {[%clk
00:46:57]} {[%emt 00:04:04]} 15. O-O-O {[%clk 00:43:59]} {[%emt 00:06:02]} b5
{[%clk 00:37:26]} {[%emt 00:10:02]} 16. Bc2 {[%clk 00:37:31]} {[%emt 00:06:58]}
Bxc6 {[%clk 00:37:39]} {[%emt 00:00:17]} 17. Rd4 {[%clk 00:37:49]} {[%emt
00:00:11]} g6 {[%clk 00:31:37]} {[%emt 00:06:33]} 18. Qd2 {[%clk 00:35:10]}
{[%emt 00:03:09]} Be5 {[%clk 00:25:06]} {[%emt 00:07:01]} 19. Bg5 {[%clk
00:34:26]} {[%emt 00:01:13]} Qg7 {[%clk 00:22:05]} {[%emt 00:03:31]} 20. Be4
{[%clk 00:27:20]} {[%emt 00:07:37]} Bxe4 {[%clk 00:18:05]} {[%emt 00:04:30]} 21.
Rxe4 {[%clk 00:27:48]} {[%emt 00:00:02]} f6 {[%clk 00:16:52]} {[%emt 00:01:43]}
22. Rhe1 {[%clk 00:20:31]} {[%emt 00:07:46]} Red8 {[%clk 00:08:47]} {[%emt
00:08:36]} 23. Qe3 {[%clk 00:15:35]} {[%emt 00:05:25]} Qf7 {[%clk 00:08:06]}
{[%emt 00:01:11]} 24. f4 {[%clk 00:11:02]} {[%emt 00:05:04]} Bd6 {[%clk
00:07:06]} {[%emt 00:01:30]} 25. Bh4 {[%clk 00:10:47]} {[%emt 00:00:45]} Qxa2
{[%clk 00:05:09]} {[%emt 00:02:27]} 26. Bxf6 {[%clk 00:11:14]} {[%emt
00:00:02]} Rf8 {[%clk 00:04:24]} {[%emt 00:01:15]} 27. Qd4 {[%clk 00:07:03]}
{[%emt 00:04:42]} Qa1+ {[%clk 00:03:00]} {[%emt 00:01:54]} 28. Kc2 {[%clk
00:07:27]} {[%emt 00:00:06]} Qa4+ {[%clk 00:03:19]} {[%emt 00:00:10]} 29. Qxa4
{[%clk 00:07:50]} {[%emt 00:00:07]} bxa4 {[%clk 00:03:45]} {[%emt 00:00:04]} 30.
Be5 {[%clk 00:04:44]} {[%emt 00:03:36]} Bxe5 {[%clk 00:03:25]} {[%emt
00:00:51]} 31. fxe5 {[%clk 00:05:13]} {[%emt 00:00:01]} Rf2+ {[%clk 00:03:22]}
{[%emt 00:00:33]} 32. R1e2 {[%clk 00:05:42]} Rxe2+ {[%clk 00:03:29]} {[%emt
00:00:23]} 33. Rxe2 {[%clk 00:06:11]} {[%emt 00:00:01]} Kf7 {[%clk 00:03:33]}
{[%emt 00:00:27]} 34. Re4 {[%clk 00:02:32]} {[%emt 00:04:10]} Ke6 {[%clk
00:02:51]} {[%emt 00:01:11]} 35. Rxa4 {[%clk 00:02:44]} {[%emt 00:00:18]} Kxe5
{[%clk 00:02:54]} {[%emt 00:00:27]} 36. Kd3 {[%clk 00:02:46]} {[%emt 00:00:27]}
Rd8+ {[%clk 00:02:15]} {[%emt 00:01:09]} 37. Ke3 {[%clk 00:03:05]} {[%emt
00:00:12]} Rb8 {[%clk 00:01:12]} {[%emt 00:01:33]} 38. b4 {[%clk 00:03:26]}
{[%emt 00:00:08]} Rb6 {[%clk 00:01:34]} {[%emt 00:00:08]} 39. Ra5+ {[%clk
00:03:46]} {[%emt 00:00:10]} Ke6 {[%clk 00:01:25]} {[%emt 00:00:40]} 40. Rc5
{[%clk 00:01:58]} {[%emt 00:02:17]} Kd6 {[%clk 00:01:28]} {[%emt 00:00:26]} 41.
Kd4 {[%clk 00:01:10]} {[%emt 00:01:19]} Rb5 {[%clk 00:00:53]} {[%emt 00:01:06]}
42. Rxb5 {[%clk 00:00:35]} {[%emt 00:01:05]} axb5 {[%clk 00:01:22]} {[%emt
00:00:01]} 43. Ke4 {[%clk 00:00:36]} {[%emt 00:00:29]} Ke6 {[%clk 00:01:17]}
{[%emt 00:00:34]} 44. g3 {[%clk 00:00:34]} {[%emt 00:00:32]} h6 {[%clk
00:01:08]} {[%emt 00:00:39]} 45. Kd4 {[%clk 00:00:38]} {[%emt 00:00:27]} Kd6
{[%clk 00:01:30]} {[%emt 00:00:08]} 46. h3 {[%clk 00:00:51]} {[%emt 00:00:16]}
c6 {[%clk 00:00:58]} {[%emt 00:01:02]} 47. Ke4 {[%clk 00:00:45]} {[%emt
00:00:36]} Ke6 {[%clk 00:01:26]} {[%emt 00:00:02]} 48. h4 {[%clk 00:00:34]}
{[%emt 00:00:42]} h5 {[%clk 00:01:27]} {[%emt 00:00:29]} 49. Kf4 {[%clk
00:00:38]} {[%emt 00:00:25]} Kf6 {[%clk 00:01:47]} {[%emt 00:00:10]} 50. Ke4
{[%clk 00:00:39]} {[%emt 00:00:29]} Ke6 {[%clk 00:02:16]} {[%emt 00:00:02]} 51.
Kd4 {[%clk 00:01:04]} {[%emt 00:00:05]} Kd6 {[%clk 00:02:42]} {[%emt 00:00:03]}
52. c4 {[%clk 00:01:06]} {[%emt 00:00:29]} bxc4 {[%clk 00:03:00]} {[%emt
00:00:12]} 53. Kxc4 {[%clk 00:01:35]} {[%emt 00:00:01]} Kd7 {[%clk 00:02:38]}
{[%emt 00:00:53]} 54. Kd4 {[%clk 00:01:53]} {[%emt 00:00:11]} Kd6 {[%clk
00:02:59]} {[%emt 00:00:09]} 55. Ke4 {[%clk 00:01:32]} {[%emt 00:00:51]} Ke6
{[%clk 00:03:19]} {[%emt 00:00:10]} 56. Kf4 {[%clk 00:01:44]} {[%emt 00:00:18]}
Kf6 {[%clk 00:03:14]} {[%emt 00:00:35]} 57. g4 {[%clk 00:01:53]} {[%emt
00:00:21]} hxg4 {[%clk 00:03:21]} {[%emt 00:00:23]} 58. Kxg4 {[%clk 00:02:20]}
{[%emt 00:00:02]} Kf7 {[%clk 00:03:35]} {[%emt 00:00:17]} 59. Kf4 {[%clk
00:02:33]} {[%emt 00:00:16]} Kf6 {[%clk 00:03:56]} {[%emt 00:00:09]} 60. Ke4
{[%clk 00:02:54]} {[%emt 00:00:09]} Ke6 {[%emt 00:00:03]} 61. Kf4 {[%clk
00:03:18]} {[%emt 00:00:05]} 1/2-1/2

[Event "XLIV Memoriał Szachowy Ludwika Zamenhofa 2025, Grupa A"]
[Site "Białystok, Poland"]
[Date "2025.12.27"]
[Round "1.20"]
[White "Buklaho, Ignacy"]
[Black "Wojdak, Jan"]
[Result "0-1"]
[TimeControl "90'+30\""]
[WhiteElo "2049"]
[BlackElo "2214"]

1. c4 {[%clk 01:30:58]} {[%emt 00:00:01]} e6 {[%clk 01:29:45]} {[%emt
00:01:16]} 2. Nc3 {[%clk 01:31:22]} {[%emt 00:00:06]} d5 {[%clk 01:30:10]}
{[%emt 00:00:05]} 3. d4 {[%clk 01:31:47]} {[%emt 00:00:05]} Nf6 {[%clk
01:30:33]} {[%emt 00:00:07]} 4. cxd5 {[%clk 01:32:11]} {[%emt 00:00:06]} exd5
{[%clk 01:30:58]} {[%emt 00:00:05]} 5. Bg5 {[%clk 01:32:36]} {[%emt 00:00:05]}
Be6 {[%clk 01:31:23]} {[%emt 00:00:05]} 6. Nf3 {[%clk 01:32:46]} {[%emt
00:00:20]} Nbd7 {[%clk 01:31:39]} {[%emt 00:00:13]} 7. e3 {[%clk 01:33:10]}
{[%emt 00:00:06]} c6 {[%clk 01:32:06]} {[%emt 00:00:04]} 8. Bd3 {[%clk
01:33:35]} {[%emt 00:00:05]} h6 {[%clk 01:32:31]} {[%emt 00:00:04]} 9. Bh4
{[%clk 01:33:20]} {[%emt 00:00:46]} g5 {[%clk 01:32:56]} {[%emt 00:00:05]} 10.
Bg3 {[%clk 01:33:44]} {[%emt 00:00:05]} Nh5 {[%clk 01:32:42]} {[%emt 00:00:44]}
11. Be5 {[%clk 01:31:59]} {[%emt 00:02:15]} Nxe5 {[%clk 01:29:29]} {[%emt
00:03:43]} 12. Nxe5 {[%clk 01:32:01]} {[%emt 00:00:28]} Nf6 {[%clk 01:29:54]}
{[%emt 00:00:05]} 13. O-O {[%clk 01:31:42]} {[%emt 00:00:50]} Bd6 {[%clk
01:25:32]} {[%emt 00:04:51]} 14. Qc2 {[%clk 01:28:32]} {[%emt 00:03:40]} Qc7
{[%clk 01:17:35]} {[%emt 00:08:26]} 15. e4 {[%clk 01:24:22]} {[%emt 00:04:41]}
dxe4 {[%clk 00:50:06]} {[%emt 00:27:59]} 16. Nxe4 {[%clk 01:24:32]} {[%emt
00:00:20]} Nxe4 {[%clk 00:47:40]} {[%emt 00:02:57]} 17. Bxe4 {[%clk 01:24:48]}
{[%emt 00:00:13]} O-O-O {[%clk 00:45:39]} {[%emt 00:02:31]} 18. Rfe1 {[%clk
01:20:27]} {[%emt 00:04:52]} Kb8 {[%clk 00:33:45]} {[%emt 00:12:23]} 19. Bf3
{[%clk 01:07:23]} {[%emt 00:13:35]} h5 {[%clk 00:23:34]} {[%emt 00:10:40]} 20.
Rac1 {[%clk 01:03:15]} {[%emt 00:04:38]} Bxe5 {[%clk 00:16:09]} {[%emt
00:07:55]} 21. dxe5 {[%clk 01:01:59]} {[%emt 00:01:46]} g4 {[%clk 00:15:14]}
{[%emt 00:01:26]} 22. Be4 {[%clk 00:59:56]} {[%emt 00:02:33]} Qa5 {[%clk
00:15:38]} {[%emt 00:00:06]} 23. b4 {[%clk 00:58:01]} {[%emt 00:02:25]} Qxa2
{[%clk 00:14:36]} {[%emt 00:01:32]} 24. Qc5 {[%clk 00:57:51]} {[%emt 00:00:39]}
Qa6 {[%clk 00:13:06]} {[%emt 00:02:00]} 25. b5 {[%clk 00:44:20]} {[%emt
00:14:02]} Qxb5 {[%clk 00:12:25]} {[%emt 00:01:11]} 26. Qa3 {[%clk 00:42:41]}
{[%emt 00:02:09]} Qb3 {[%clk 00:08:15]} {[%emt 00:04:39]} 27. Qa1 {[%clk
00:42:07]} {[%emt 00:01:04]} Qa2 {[%clk 00:07:40]} {[%emt 00:01:06]} 28. Qc3
{[%clk 00:40:39]} {[%emt 00:01:58]} Qb3 {[%clk 00:06:38]} {[%emt 00:01:32]} 29.
Qa1 {[%clk 00:40:14]} {[%emt 00:00:54]} Bd5 {[%clk 00:06:15]} {[%emt 00:00:53]}
30. Bc2 {[%clk 00:34:08]} {[%emt 00:06:36]} Qb6 {[%clk 00:06:09]} {[%emt
00:00:37]} 31. Qc3 {[%clk 00:34:08]} {[%emt 00:00:30]} h4 {[%clk 00:05:37]}
{[%emt 00:01:02]} 32. Rb1 {[%clk 00:33:41]} {[%emt 00:00:57]} Qc7 {[%clk
00:06:03]} {[%emt 00:00:03]} 33. Qe3 {[%clk 00:31:24]} {[%emt 00:02:48]} c5
{[%clk 00:04:18]} {[%emt 00:02:16]} 34. Bf5 {[%clk 00:29:13]} {[%emt 00:02:40]}
Rhg8 {[%clk 00:02:43]} {[%emt 00:02:05]} 35. Rec1 {[%clk 00:27:47]} {[%emt
00:01:56]} c4 {[%clk 00:03:12]} {[%emt 00:00:01]} 36. Rb4 {[%clk 00:23:39]}
{[%emt 00:04:38]} Rge8 {[%clk 00:02:22]} {[%emt 00:01:20]} 37. Ra1 {[%clk
00:22:20]} {[%emt 00:01:49]} b6 {[%clk 00:02:48]} {[%emt 00:00:04]} 38. Re1
{[%clk 00:18:51]} {[%emt 00:03:58]} g3 {[%clk 00:01:21]} {[%emt 00:01:58]} 39.
hxg3 {[%clk 00:14:18]} {[%emt 00:05:03]} hxg3 {[%clk 00:01:50]} {[%emt
00:00:01]} 40. f4 {[%clk 00:11:49]} {[%emt 00:02:59]} Rh8 {[%clk 00:01:34]}
{[%emt 00:00:45]} 41. Bh3 {[%clk 00:11:29]} {[%emt 00:00:50]} Bb7 {[%clk
00:01:35]} {[%emt 00:00:29]} 42. Rbb1 {[%clk 00:09:21]} {[%emt 00:02:38]} Rd3
{[%clk 00:01:46]} {[%emt 00:00:20]} 43. Qe2 {[%clk 00:09:16]} {[%emt 00:00:35]}
Rxh3 {[%clk 00:01:49]} {[%emt 00:00:26]} 0-1

[Event "XLIV Memoriał Szachowy Ludwika Zamenhofa 2025, Grupa A"]
[Site "Białystok, Poland"]
[Date "2025.12.27"]
[Round "1.21"]
[White "Terkiewicz, Bruno"]
[Black "Serafin, Franciszek"]
[Result "1-0"]
[TimeControl "90'+30\""]
[WhiteElo "2211"]
[BlackElo "2033"]

1. e4 {[%clk 01:30:57]} {[%emt 00:00:02]} c5 {[%clk 01:30:53]} {[%emt
00:00:08]} 2. Nf3 {[%clk 01:31:23]} {[%emt 00:00:03]} Nc6 {[%clk 01:31:18]}
{[%emt 00:00:06]} 3. Bb5 {[%clk 01:31:49]} {[%emt 00:00:05]} g6 {[%clk
01:31:20]} {[%emt 00:00:27]} 4. Bxc6 {[%clk 01:32:09]} {[%emt 00:00:10]} dxc6
{[%clk 01:31:43]} {[%emt 00:00:08]} 5. d3 {[%clk 01:32:33]} {[%emt 00:00:05]}
Bg7 {[%clk 01:32:00]} {[%emt 00:00:13]} 6. h3 {[%clk 01:32:49]} {[%emt
00:00:14]} Nf6 {[%clk 01:32:18]} {[%emt 00:00:12]} 7. O-O {[%clk 01:33:11]}
{[%emt 00:00:08]} O-O {[%clk 01:32:15]} {[%emt 00:00:33]} 8. Nc3 {[%clk
01:33:29]} {[%emt 00:00:12]} Nd7 {[%clk 01:31:41]} {[%emt 00:01:05]} 9. Be3
{[%clk 01:33:04]} {[%emt 00:00:54]} e5 {[%clk 01:31:00]} {[%emt 00:01:11]} 10.
Qd2 {[%clk 01:33:20]} {[%emt 00:00:13]} b6 {[%clk 01:30:54]} {[%emt 00:00:38]}
11. Bh6 {[%clk 01:33:21]} {[%emt 00:00:28]} f6 {[%clk 01:29:56]} {[%emt
00:01:28]} 12. Nh2 {[%clk 01:31:05]} {[%emt 00:02:45]} Qe7 {[%clk 01:25:46]}
{[%emt 00:04:41]} 13. Bxg7 {[%clk 01:29:12]} {[%emt 00:02:21]} Kxg7 {[%clk
01:26:10]} {[%emt 00:00:08]} 14. Ng4 {[%clk 01:28:11]} {[%emt 00:01:31]} Ba6
{[%clk 01:20:53]} {[%emt 00:05:47]} 15. f4 {[%clk 01:24:15]} {[%emt 00:04:26]}
h5 {[%clk 01:18:30]} {[%emt 00:02:53]} 16. Ne3 {[%clk 01:24:02]} {[%emt
00:00:43]} exf4 {[%clk 01:17:33]} {[%emt 00:01:27]} 17. Rxf4 {[%clk 01:24:19]}
{[%emt 00:00:13]} Qe6 {[%clk 01:17:04]} {[%emt 00:00:59]} 18. Raf1 {[%clk
01:24:07]} {[%emt 00:00:42]} Ne5 {[%clk 01:12:18]} {[%emt 00:05:16]} 19. b3
{[%clk 01:21:12]} {[%emt 00:03:24]} Rad8 {[%clk 01:11:26]} {[%emt 00:01:23]} 20.
Ne2 {[%clk 01:20:15]} {[%emt 00:01:26]} c4 {[%clk 00:59:12]} {[%emt 00:12:45]}
21. bxc4 {[%clk 01:20:00]} {[%emt 00:00:45]} Nxc4 {[%clk 00:58:16]} {[%emt
00:01:26]} 22. Nxc4 {[%clk 01:20:17]} {[%emt 00:00:13]} Qxc4 {[%clk 00:54:54]}
{[%emt 00:03:53]} 23. Rxf6 {[%clk 01:14:58]} {[%emt 00:05:48]} Rxf6 {[%clk
00:54:17]} {[%emt 00:01:07]} 24. Rxf6 {[%clk 01:15:04]} {[%emt 00:00:24]} Qc5+
{[%clk 00:54:36]} {[%emt 00:00:11]} 25. Rf2 {[%clk 01:15:19]} {[%emt 00:00:14]}
Rf8 {[%clk 00:52:48]} {[%emt 00:02:19]} 26. Nf4 {[%clk 01:14:32]} {[%emt
00:01:16]} Qe5 {[%clk 00:52:26]} {[%emt 00:00:53]} 27. d4 {[%clk 01:13:46]}
{[%emt 00:01:16]} Qe7 {[%clk 00:51:29]} {[%emt 00:01:27]} 28. d5 {[%clk
01:12:08]} {[%emt 00:02:08]} cxd5 {[%clk 00:51:24]} {[%emt 00:00:35]} 29. Qd4+
{[%clk 01:11:55]} {[%emt 00:00:43]} Kh7 {[%clk 00:51:23]} {[%emt 00:00:31]} 30.
Nxd5 {[%clk 01:12:09]} {[%emt 00:00:16]} Qg7 {[%clk 00:51:27]} {[%emt
00:00:26]} 31. Nf6+ {[%clk 01:12:11]} {[%emt 00:00:28]} Kh8 {[%clk 00:51:31]}
{[%emt 00:00:26]} 32. e5 {[%clk 01:12:25]} {[%emt 00:00:16]} Bb7 {[%clk
00:51:28]} {[%emt 00:00:33]} 33. Rd2 {[%clk 01:11:57]} {[%emt 00:00:57]} Bc6
{[%clk 00:49:58]} {[%emt 00:02:01]} 34. Qd6 {[%clk 01:10:21]} {[%emt 00:02:05]}
Bb5 {[%clk 00:49:17]} {[%emt 00:01:12]} 35. Rd4 {[%clk 01:10:28]} {[%emt
00:00:23]} Qh6 {[%clk 00:48:37]} {[%emt 00:01:09]} 36. a4 {[%clk 01:10:04]}
{[%emt 00:00:55]} Ba6 {[%clk 00:48:52]} {[%emt 00:00:15]} 37. Qa3 {[%clk
01:06:21]} {[%emt 00:04:13]} Bc8 {[%clk 00:48:09]} {[%emt 00:01:12]} 38. Rc4
{[%clk 01:06:16]} {[%emt 00:00:35]} Be6 {[%clk 00:46:56]} {[%emt 00:01:44]} 39.
Rc7 {[%clk 01:06:23]} {[%emt 00:00:23]} Rf7 {[%clk 00:46:08]} {[%emt 00:01:18]}
40. Rc6 {[%clk 01:05:45]} {[%emt 00:01:07]} Bf5 {[%clk 00:45:31]} {[%emt
00:01:07]} 41. Qf3 {[%clk 01:03:45]} {[%emt 00:02:30]} Qd2 {[%clk 00:44:56]}
{[%emt 00:01:06]} 42. Qc3 {[%clk 00:58:44]} {[%emt 00:05:31]} Qc1+ {[%clk
00:44:32]} {[%emt 00:00:54]} 43. Kh2 {[%clk 00:59:05]} {[%emt 00:00:08]} Qf4+
{[%clk 00:44:55]} {[%emt 00:00:08]} 44. Qg3 {[%clk 00:59:25]} {[%emt 00:00:09]}
Qxa4 {[%clk 00:44:58]} {[%emt 00:00:28]} 45. Qg5 {[%clk 00:56:38]} {[%emt
00:03:16]} Kg7 {[%clk 00:45:00]} {[%emt 00:00:28]} 46. Nxh5+ {[%clk 00:56:24]}
{[%emt 00:00:45]} Kh7 {[%clk 00:45:19]} {[%emt 00:00:11]} 47. Rf6 {[%clk
00:54:02]} {[%emt 00:02:51]} Rxf6 {[%clk 00:44:47]} {[%emt 00:01:03]} 48. Nxf6+
{[%clk 00:53:11]} {[%emt 00:01:21]} Kg7 {[%clk 00:45:09]} {[%emt 00:00:08]} 49.
Nh5+ {[%clk 00:53:10]} {[%emt 00:00:30]} Kh7 {[%clk 00:45:26]} {[%emt
00:00:14]} 50. Ng3 {[%clk 00:49:57]} {[%emt 00:03:43]} Qd7 {[%clk 00:45:26]}
{[%emt 00:00:30]} 51. Qh4+ {[%clk 00:47:24]} {[%emt 00:03:03]} Kg8 {[%clk
00:45:23]} {[%emt 00:00:33]} 52. Qf6 {[%clk 00:47:22]} {[%emt 00:00:31]} Qe6
{[%clk 00:45:32]} {[%emt 00:00:22]} 53. Qd8+ {[%clk 00:47:34]} {[%emt
00:00:17]} Kg7 {[%clk 00:45:49]} {[%emt 00:00:14]} 54. Qc7+ {[%clk 00:47:52]}
{[%emt 00:00:12]} Qf7 {[%clk 00:45:45]} {[%emt 00:00:35]} 55. Qc3 {[%clk
00:48:04]} {[%emt 00:00:17]} Kh7 {[%clk 00:45:52]} {[%emt 00:00:23]} 56. Ne2
{[%clk 00:47:03]} {[%emt 00:01:31]} a5 {[%clk 00:45:27]} {[%emt 00:00:56]} 57.
Nd4 {[%clk 00:47:13]} {[%emt 00:00:19]} a4 {[%clk 00:43:46]} {[%emt 00:02:11]}
58. Qb4 {[%clk 00:46:32]} {[%emt 00:01:10]} Qc7 {[%clk 00:43:43]} {[%emt
00:00:33]} 59. Nf3 {[%clk 00:43:44]} {[%emt 00:03:17]} Bxc2 {[%clk 00:42:34]}
{[%emt 00:01:41]} 60. Qf8 {[%clk 00:44:06]} {[%emt 00:00:07]} Qg7 {[%clk
00:42:06]} {[%emt 00:00:58]} 61. Ng5+ {[%clk 00:44:19]} {[%emt 00:00:17]} Kh6
{[%clk 00:42:19]} {[%emt 00:00:18]} 62. Qf4 {[%clk 00:44:39]} {[%emt 00:00:10]}
Qg8 {[%clk 00:41:40]} {[%emt 00:01:09]} 63. Ne6+ {[%clk 00:42:34]} {[%emt
00:02:34]} g5 {[%clk 00:41:40]} {[%emt 00:00:30]} 64. Qf6+ {[%clk 00:42:58]}
{[%emt 00:00:06]} Qg6 {[%clk 00:41:59]} {[%emt 00:00:12]} 65. Qh8+ {[%clk
00:43:21]} {[%emt 00:00:07]} Qh7 {[%clk 00:42:20]} {[%emt 00:00:09]} 66. Qf8+
{[%clk 00:43:46]} {[%emt 00:00:04]} Kg6 {[%clk 00:42:37]} {[%emt 00:00:13]} 1-0

[Event "XLIV Memoriał Szachowy Ludwika Zamenhofa 2025, Grupa A"]
[Site "Białystok, Poland"]
[Date "2025.12.27"]
[Round "1.22"]
[White "Podgorski, Maciej"]
[Black "Borowik, Wojciech"]
[Result "1-0"]
[TimeControl "90'+30\""]
[WhiteElo "2030"]
[BlackElo "2204"]

1. e4 {[%clk 01:30:56]} {[%emt 00:00:03]} c5 {[%clk 01:30:52]} {[%emt
00:00:08]} 2. d4 {[%clk 01:30:47]} {[%emt 00:00:40]} cxd4 {[%clk 01:31:07]}
{[%emt 00:00:15]} 3. Qxd4 {[%clk 01:31:13]} {[%emt 00:00:04]} Nc6 {[%clk
01:30:13]} {[%emt 00:01:24]} 4. Qd3 {[%clk 01:31:37]} {[%emt 00:00:06]} Nf6
{[%clk 01:26:32]} {[%emt 00:04:10]} 5. Nc3 {[%clk 01:30:36]} {[%emt 00:01:31]}
g6 {[%clk 01:22:18]} {[%emt 00:04:45]} 6. Nf3 {[%clk 01:29:54]} {[%emt
00:01:11]} Bg7 {[%clk 01:21:00]} {[%emt 00:01:49]} 7. Nd5 {[%clk 01:29:09]}
{[%emt 00:01:14]} O-O {[%clk 01:16:31]} {[%emt 00:05:00]} 8. c3 {[%clk
01:29:01]} {[%emt 00:00:37]} d6 {[%clk 01:12:58]} {[%emt 00:04:04]} 9. Bg5
{[%clk 01:25:29]} {[%emt 00:04:01]} Nd7 {[%clk 01:07:35]} {[%emt 00:05:53]} 10.
Be2 {[%clk 01:21:58]} {[%emt 00:04:01]} h6 {[%clk 00:54:11]} {[%emt 00:13:55]}
11. Be3 {[%clk 01:11:30]} {[%emt 00:10:57]} Nc5 {[%clk 00:51:42]} {[%emt
00:02:59]} 12. Qc2 {[%clk 01:09:15]} {[%emt 00:02:44]} f5 {[%clk 00:45:37]}
{[%emt 00:06:36]} 13. Bc4 {[%clk 00:51:01]} {[%emt 00:18:43]} Kh7 {[%clk
00:42:10]} {[%emt 00:03:57]} 14. h4 {[%clk 00:42:23]} {[%emt 00:09:09]} e6
{[%clk 00:29:05]} {[%emt 00:13:36]} 15. Nf4 {[%clk 00:39:41]} {[%emt 00:03:10]}
fxe4 {[%clk 00:20:33]} {[%emt 00:09:02]} 16. O-O-O {[%clk 00:24:29]} {[%emt
00:15:42]} Rxf4 {[%clk 00:14:29]} {[%emt 00:06:35]} 17. Ng5+ {[%clk 00:21:36]}
{[%emt 00:03:22]} hxg5 {[%clk 00:14:11]} {[%emt 00:00:49]} 18. hxg5+ {[%clk
00:22:01]} {[%emt 00:00:05]} Kg8 {[%clk 00:14:30]} {[%emt 00:00:10]} 19. Bxf4
{[%clk 00:20:59]} {[%emt 00:01:32]} Ne5 {[%clk 00:12:58]} {[%emt 00:02:03]} 20.
Bxe5 {[%clk 00:16:05]} {[%emt 00:05:24]} Qxg5+ {[%clk 00:12:49]} {[%emt
00:00:39]} 21. f4 {[%clk 00:14:44]} {[%emt 00:01:52]} exf3+ {[%clk 00:13:08]}
{[%emt 00:00:10]} 22. Kb1 {[%clk 00:14:26]} {[%emt 00:00:48]} Qxe5 {[%clk
00:06:58]} {[%emt 00:06:40]} 23. gxf3 {[%clk 00:11:34]} {[%emt 00:03:22]} b5
{[%clk 00:05:58]} {[%emt 00:01:30]} 24. Qxg6 {[%clk 00:10:16]} {[%emt
00:01:47]} Bb7 {[%clk 00:05:27]} {[%emt 00:01:03]} 25. Rh5 {[%clk 00:06:41]}
{[%emt 00:04:05]} Qf6 {[%clk 00:02:38]} {[%emt 00:03:19]} 26. Qh7+ {[%clk
00:03:20]} {[%emt 00:03:50]} Kf7 {[%clk 00:00:46]} {[%emt 00:02:22]} 27. Rf5
{[%clk 00:02:10]} {[%emt 00:01:40]} bxc4 {[%clk 00:00:34]} {[%emt 00:00:43]} 28.
Rxf6+ {[%clk 00:02:32]} {[%emt 00:00:07]} Kxf6 {[%emt 00:00:18]} 29. Rg1 {[%clk
00:02:44]} Bxf3 {[%clk 00:00:33]} {[%emt 00:01:00]} 30. Qxg7+ {[%clk 00:02:48]}
{[%emt 00:00:26]} Kf5 {[%clk 00:01:02]} {[%emt 00:00:01]} 31. Qg5+ {[%clk
00:02:31]} {[%emt 00:00:47]} Ke4 {[%clk 00:01:27]} {[%emt 00:00:05]} 32. Re1+
{[%clk 00:02:57]} {[%emt 00:00:04]} 1-0